000
00316nam a22001217a 4500
040
_c
HS
082
_a
382
100
_a
សំ វិទូ
245
_a
ការសិក្សាអនុផលព្រៃឈើ Non-wood forest product
260
_a
RUA
_b
សំ វិទូ
_c
1998
300
_a
50p;
942
_c
KB
999
_c
9163
_d
9163